Lazarillo de Tormes / (Record no. 133857)

MARC details
000 -LEADER
campo de control de longitud fija 00855nam a2200265 i 4500
001 - NÚMERO DE CONTROL
campo de control 133857
003 - IDENTIFICADOR DE NÚMERO DE CONTROL
campo de control ES-MaACL
005 - FECHA Y HORA DE LA ÚLTIMA TRANSACCIÓN
campo de control 20250805003854.0
007 - CAMPO FIJO DE DESCRIPCIÓN FÍSICA--INFORMACIÓN GENERAL
campo de control de longitud fija t|
008 - DATOS DE LONGITUD FIJA--INFORMACIÓN GENERAL
campo de control de longitud fija 070903s1998 sp ||||1| spa d
020 ## - NÚMERO INTERNACIONAL ESTÁNDAR DEL LIBRO
Número Internacional Estándar del Libro 84-376-0660-8
080 ## - NÚMERO DE LA CLASIFICACIÓN DECIMAL UNIVERSAL
Número de la Clasificación Decimal Universal 821.134.2"16"
130 0# - ENTRADA PRINCIPAL--TÍTULO UNIFORME
Título uniforme Lazarillo de Tormes.
9 (RLIN) 122472
245 10 - MENCIÓN DEL TÍTULO
Título Lazarillo de Tormes /
Mención de responsabilidad, etc. edición de Francisco Rico ; con un apéndice bibliográfico por Bienvenido C. Morros.
250 ## - MENCION DE EDICION
Mención de edición 13ª ed.
260 ## - PUBLICACIÓN, DISTRIBUCIÓN, ETC.
Lugar de publicación, distribución, etc. Madrid :
Nombre del editor, distribuidor, etc. Cátedra,
Fecha de publicación, distribución, etc. 1998.
300 ## - DESCRIPCIÓN FÍSICA
Extensión 191 p. ;
Dimensiones 18 cm.
490 1# - MENCIÓN DE SERIE
Mención de serie Letras hispánicas ;
Designación de volumen o secuencia 44
700 1# - ENTRADA AGREGADA--NOMBRE PERSONAL
Nombre de persona Rico, Francisco,
Fechas asociadas al nombre 1942-
9 (RLIN) 97012
700 1# - ENTRADA AGREGADA--NOMBRE PERSONAL
Nombre de persona Morros, Bienvenido C.
9 (RLIN) 83694
830 10 - PUNTO DE ACCESO ADICIONAL DE SERIE-TÍTULO UNIFORME
Título uniforme Letras hispánicas ;
Designación de volumen o secuencia 44
9 (RLIN) 235703
852 4# - LOCALIZACIÓN
Ubicación ES-MaACL
Número de control de estantería E-12111
Nota libre - Biblioteca Jacinto Martínez Lacalle
942 ## - ELEMENTOS DE ENTRADA SECUNDARIOS (KOHA)
Fuente del sistema de clasificación o colocación Clasificación decimal universal
Holdings
Estatus retirado Estado de pérdida Estado de daño No para préstamo Biblioteca de origen Biblioteca actual Ubicación en estantería Fecha de adquisición Fuente de adquisición Total de préstamos Signatura topográfica completa Código de barras Visto por última vez Precio de reemplazo Tipo de ítem Koha
        Biblioteca del Ateneo de Madrid Biblioteca del Ateneo de Madrid Depósito 2 17/01/2008     E-12111 1139339 23/02/2023 23/02/2023 Libro impreso